000 01028nam a2200313Ia 4500
003 OSt
005 20220912150319.0
006 a|||||r|||| 00| 0
007 ta
008 220909b |||||||| |||| 00| 0 eng d
020 _a1591402913 (pbk)
024 _a12694
037 _b92, 20/07/2004, Ashutosh Technical Books
037 _cTextbook
040 _aCSL
_beng
_cCSL
041 _aeng
082 _aD65,8(B):(894), P4 TD
100 _aFugini Mariagrazia
245 0 _aInformation security policies and actions in modern integrated systems
260 _aHershey
_bIdea Group Publishing
_c2004
300 _axvii, 341p.
_ccm.
500 _aIncludes bibliographical references; Index 339-341p
650 _a Computer security
650 _a Integrated circuits
650 _aComputer Science
700 _a Bellettini Carlo
942 _hD65,8(B):(894), P4 TD
_cTB
_2CC
999 _c44684
_d44684